BEST OF MORE MAGIC TALES (Record no. 11202)
[ view plain ]
| 000 -LEADER | |
|---|---|
| fixed length control field | 00275nam a22000977a 4500 |
| 008 - FIXED-LENGTH DATA ELEMENTS--GENERAL INFORMATION | |
| fixed length control field | 181009b ||||| |||| 00| 0 eng d |
| 020 ## - INTERNATIONAL STANDARD BOOK NUMBER | |
| International Standard Book Number | 9788130407906 |
| 100 ## - MAIN ENTRY--PERSONAL NAME | |
| Personal name | SANJAY, SANJEEV JAISWAL |
| 9 (RLIN) | 6958 |
| 245 ## - TITLE STATEMENT | |
| Title | BEST OF MORE MAGIC TALES |
| 260 ## - PUBLICATION, DISTRIBUTION, ETC. (IMPRINT) | |
| Place of publication, distribution, etc. | INDIA |
| Name of publisher, distributor, etc. | TINY TOT PUBLICATION |
| Date of publication, distribution, etc. | 2015 |
| Withdrawn status | Lost status | Source of classification or shelving scheme | Damaged status | Koha normalized classification for sorting | Not for loan | Home library | Current library | Shelving location | Date acquired | Total Checkouts | Total Renewals | Full call number | Barcode | Date last seen | Date last checked out | Price effective from | Koha item type |
|---|---|---|---|---|---|---|---|---|---|---|---|---|---|---|---|---|---|
| Dewey Decimal Classification | SAN_170_000000000000000 | Good Samaritan School Library | Good Samaritan School Library | Moral Science | 10/09/2018 | 7 | 1 | SAN170 | SAN15175 | 01/27/2020 | 01/20/2020 | 10/09/2018 | BOOK |